00388nam a2200133Ia 4500008004100000020001500041082002300056100001600079245004600095260006100141300000900202650002100211650002200232140316s9999 xx 000 0 und d a0070612102 a651.780285bPEC/CR aPeck,George aCrystal Reports XI:The Complete Reference aNew DelhibTata McGraw-Hill Publishing Company Ltdc2006 a1002 aCustom functions aDesigning Reports